| 000 | 00719nam a22002297a 4500 | ||
|---|---|---|---|
| 005 | 20241203113248.0 | ||
| 010 | _aENG-142817 | ||
| 020 |
_a9789355327192 _c925.00 |
||
| 035 | _aEN-126349 | ||
| 037 | _bDBAD | ||
| 082 |
_21 _a658.83 |
||
| 100 |
_aHair, Joseph F. _974549 |
||
| 245 |
_aEssentials of Marketing Analytics/ _cBy Joseph F. Hair...[et.al] |
||
| 250 | _a1 | ||
| 260 |
_aChennai _bMcGraw Hill _c2024 |
||
| 270 |
_a5/90 A, Butt Road, St. Thomas Mount _bChennai _e600016 |
||
| 300 |
_axx,492p. _c25cm(pb) _bIndex |
||
| 700 |
_aHarrison, Dana E. _eAuthor _974550 |
||
| 700 |
_aAjjan, Haya _eAuthor _974551 |
||
| 700 |
_aAdhikari, Atanu _eAuthor _974552 |
||
| 942 |
_2ddc _cEN _h658.83 _mHAI _e1 |
||
| 999 |
_c207337 _d207337 |
||